000 00839nam a22002417a 4500
999 _c64934
_d64934
005 20240530110758.0
008 190116s2017 ua f f 000 0dara d
017 _a2017/11481
_bمصر. دار الكتب
020 _a9789779113265
040 _aEG-CaGPL
_cEG-CaGPL
082 0 4 _221
_a730.118 /
_bم ن
100 0 _aمحمود بقشيش
245 1 0 _aنبض الرمز وصوت الاحتجاج /
_cمحمود بقشيش
250 _aط. 1
260 _aالقاهرة :
_bالهيئة المصرية العامة للكتاب،
_c2017.
300 _a368 ص. :
_bلوحات ؛
_c24 سم.
650 0 7 _2qrmak
_aالفن والمجتمع
650 0 7 _2qrmak
_aالفانون
_vتراجم
650 0 7 _2qrmak
_aالفن
_xتاريخ ونقد
651 _2qrmak
942 _2ddc
_cBK